Normal view MARC view

Entry Personal Name

Number of records used in: 1

001 - CONTROL NUMBER

  • control field: 10067

003 - CONTROL NUMBER IDENTIFIER

  • control field: DLC

005 - DATE AND TIME OF LATEST TRANSACTION

  • control field: 20231206135249.0

008 - FIXED-LENGTH DATA ELEMENTS

  • fixed length control field: 800810n| azannaabn |a aaa

010 ## - LIBRARY OF CONGRESS CONTROL NUMBER

  • LC control number: n 80084589

035 ## - SYSTEM CONTROL NUMBER

  • System control number: (OCoLC)oca00465815

040 ## - CATALOGING SOURCE

  • Original cataloging agency: DLC
  • Language of cataloging: eng
  • Description conventions: rda
  • Transcribing agency: DLC
  • Modifying agency: ICrlF

046 ## - SPECIAL CODED DATES

  • Birth date: 1934-05-16
  • Source of date scheme: edtf

100 1# - HEADING--PERSONAL NAME

  • Personal name: Morgan, Kenneth O.

370 ## - ASSOCIATED PLACE

  • Associated country: Wales
  • Source of term: naf

372 ## - FIELD OF ACTIVITY

  • Field of activity: Great Britain--History
  • Field of activity: Great Britain--Politics and government
  • Field of activity: Wales--History
  • Source of term: naf

374 ## - OCCUPATION

  • Occupation: Historians
  • Occupation: Authors
  • Source of term: lcsh

375 ## - GENDER

  • Gender: Males
  • Source of term: lcdgt

377 ## - ASSOCIATED LANGUAGE

  • Language code: eng

378 ## - FULLER FORM OF PERSONAL NAME

  • Fuller form of personal name: Kenneth Owen

400 1# - SEE FROM TRACING--PERSONAL NAME

  • Personal name: Morgan, Kenneth Owen

670 ## - SOURCE DATA FOUND

  • Source citation: His Wales in British politics, 1963.

670 ## - SOURCE DATA FOUND

  • Source citation: His David Lloyd George, 1863-1945, 1981:
  • Information found: t.p. (Kenneth O. Morgan) verso t.p. Brit. CIP data (Morgan, Kenneth Owen)

670 ## - SOURCE DATA FOUND

  • Source citation: Wikipedia, May 24, 2017
  • Information found: (Kenneth Owen Morgan, Baron Morgan (born 16 May 1934) is a Welsh historian and author, known especially for his writings on Modern British history and politics and on Welsh history.)

Powered by Koha